Journal of a return to the Kuru region and the Anga peoples of New Guinea and preliminary preparations for the research vessel Alpha Helix expedition to the New Hebrides and the British Solomon Islands Protectorate with Travels in England, ... : February 15, 1972 to July 12, 1972

Bibliographic Details
Main Author: Gajdusek, Daniel Carleton, 1923-2008 (Author)
Format: Book
Language:English
PhysicalDescription:229 s. 28 cm
Published: Bethesda National Institute of Neurological and Communicative Diseasses and Stroke 1976
Subjects:

MARC

LEADER 00000nam a2200000 a 4500
001 vtls001293384
003 SK-MaSNL
005 20260301235030.0
008 251124s1976 US a 0 eng
015 |a SNBZSA1998-00298 
035 |a SNK000245151 
040 |a SNK  |b slo  |c SNK  |e AACR2 
041 0 |a eng 
044 |a US 
080 |a 61:929:910.4"1972"=20  |2 1981 
080 |a 910.4:61"1972"=20  |2 1981 
080 |a 616  |2 1981 
080 |a 929 Gajdusek, D. Carleton  |2 1981 
100 1 |a Gajdusek, Daniel Carleton,  |d 1923-2008  |4 aut  |9 63793 
245 1 |a Journal of a return to the Kuru region and the Anga peoples of New Guinea and preliminary preparations for the research vessel Alpha Helix expedition to the New Hebrides and the British Solomon Islands Protectorate  |b with Travels in England, ... : February 15, 1972 to July 12, 1972  |c D. Carleton Gajdusek 
260 |a Bethesda  |b National Institute of Neurological and Communicative Diseasses and Stroke  |c 1976 
300 |a 229 s.  |c 28 cm 
600 1 7 |a Gajdusek, Daniel Carleton,  |d 1923-2008  |x lekárske denníky  |y 1972  |2 SNK  |9 63804 
648 7 |a 1972  |2 SNK  |9 281644 
650 0 7 |a kuru  |2 SNKPH  |9 25756 
650 0 7 |a lekárske expedície  |2 SNK  |9 287824 
655 7 |a výskumné správy  |2 SNKPH  |9 70491 
655 7 |a biografie  |2 SNKPH  |9 27965 
958 |a ZS 
958 |a RM 
958 |a BX 
958 |a US 
958 |a OND 
999 |c 972986  |d 974916 
952 |t P60, <03>, [BOOK], {603}  |a SNK  |b SNK  |y PREZ  |7 0  |p 17A0069089  |o snkSB 57461  |i snkV 1877/97  |0 0  |1 0  |4 0  |d 1997-07-10  |f 1  |l 0  |r 2025-04-09 00:00:00  |w 2026-02-24